| 000 | 00000nas 2200000za 4500 |
| 001 | 9.507251 |
| 003 | CaOODSP |
| 005 | 20221107133746 |
| 007 | cr ||||||||||| |
| 008 | 150406d20032008mbcar p o s f0 a0eng|d |
| 022 | |a1712-8315 |
| 040 | |aCaOODSP|beng |
| 043 | |an-cnp-- |
| 086 | 1 |aA92-33E-PDF |
| 222 | 0|aQuality of western Canadian pulse crops |
| 245 | 00|aQuality of western Canadian pulse crops |h[electronic resource]. |
| 260 | |aWinnipeg : |bGrain Research Laboratory, Canadian Grain Commission, |c[2003-2008] |
| 310 | |aAnnual |
| 362 | 0 |a2003-2008. |
| 500 | |aIssued also in French under title: Qualité des légumineuses de l'Ouest canadien. |
| 580 | |aSplit into: Quality of western Canadian pea beans; Quality of western Canadian Chickpeas; Quality of western Canadian lentils; and: Quality of western Canadian peas. |
| 580 | |aMerger of: Quality of western Canadian peas; and Quality of western Canadian lentils. |
| 692 | 07|2gccst|aGrain |
| 710 | 2 |aCanadian Grain Commission. |
| 775 | 08|tQualité des légumineuses de l'Ouest canadien |w(CaOODSP)9.503639 |
| 780 | 00|tQuality of western Canadian lentils.|w(CaOODSP)9.506861 |
| 780 | 00|tQuality of western Canadian peas.|w(CaOODSP)9.506863 |
| 785 | 00|tQuality of western Canadian pea beans |w(CaOODSP)9.506867 |
| 785 | 00|tQuality of western Canadian lentils.|w(CaOODSP)9.886947 |
| 785 | 00|tQuality of western Canadian peas.|w(CaOODSP)9.887277 |
| 785 | 00|tQuality of western Canadian chickpeas |w(CaOODSP)9.506868 |